| 000 | 00546nam a2200193Ia 4500 | ||
|---|---|---|---|
| 005 | 20250217042839.0 | ||
| 008 | 240331s9999 xx 000 0 und d | ||
| 020 | _a818510753X | ||
| 082 |
_bCOM _23559 _a305.4095 |
||
| 245 | 0 |
_aWomen's Studies Women's Lives: _bTheory and Practice in South and Southeast Asia |
|
| 260 |
_aNew Delhi _bKali for Women _c1994 |
||
| 300 | _a208 p., | ||
| 650 | _aWomen | ||
| 650 | _aAsia | ||
| 650 | _aFeminism | ||
| 650 | _aWomen's Development | ||
| 700 |
_aCommittee on Women's Studies in Asia _eedt |
||
| 942 | _cL | ||
| 999 |
_c3108 _d3108 |
||